000 00629pam a2200217 a 4500
001 2977064
005 20180828045420.0
008 920507s1993 maua 001 0 eng
010 _a 92017067
020 _a0205134785
040 _aDLC
_cDLC
_dDLC
041 _aeng
080 _a519.5
082 0 0 _a519.5
_220
100 1 _a55
101 _aSTA
245 1 0 _aApplied statistics /
_cJohn Neter, William Wasserman, G.A. Whitmore.
906 _a7
_bcbc
_corignew
_d1
_eocip
_f19
_gy-gencatlg
942 _2ddc
_cBK
999 _c47369
_d47369